Veľkopiatkové príbehy

Bibliographic Details
Main Author: Hlaváč, Ľudovít, 1921-2007 (Author)
Format: Book
Language:Slovak
PhysicalDescription:115 s. 21 cm
Published: Bratislava USPO 1998
ISBN:8088717248
Subjects:

MARC

LEADER 00000nam a2200000 a 4500
001 vtls001334738
003 SK-MaSNL
005 20260301065952.0
008 240226s1998 xo ra slo
015 |a SNBA1998/10-03688 
020 |a 8088717248 
035 |a SNK000287693 
035 |a urn:nbn:sk:snk-amkhvf 
035 |a urn:nbn:sk:snk-am008gwm 
035 |a 36DB838A-501B-477F-8F91-488CF40A5337 
040 |a SNK  |b slo  |c SNK  |e AACR2 
041 0 |a slo 
044 |a xo  |c SK 
080 |a 885.4-3  |2 1981 
080 |a 244  |2 1981 
100 1 |a Hlaváč, Ľudovít,  |d 1921-2007  |4 aut  |9 238661 
245 1 0 |a Veľkopiatkové príbehy  |c Ľudovít Hlaváč 
260 |a Bratislava  |b USPO  |c 1998 
300 |a 115 s.  |c 21 cm 
500 |a Ilustr. na front. 
650 0 7 |a Veľký piatok  |2 SNK  |9 29764 
655 7 |a slovenské poviedky  |2 SNK  |9 70226 
919 |a 80-88717-24-8 
954 |a beletria pôvodná (slovenská)  |2 lita 
958 |a TL 
958 |a LX 
958 |a NT 
999 |c 632649  |d 634579 
952 |t P60, <09>, [BOOK], {629}  |a SNK  |b SNK  |y NEVYP  |7 0  |o snkC 553  |i snk1068/980624  |0 0  |1 0  |4 0  |d 1998-06-23  |l 0  |r 2005-01-02 00:00:00  |w 2026-02-23 
952 |t P60, <03>, [BOOK], {603}  |a SNK  |b SNK  |y PREZ  |7 0  |p 17A0144512  |o snkSC 96134  |i snkKSP 6531/98  |0 0  |1 0  |4 0  |d 1998-06-23  |f 1  |l 0  |r 2025-09-16 00:00:00  |w 2026-02-23 
952 |t P60, <05>, [BOOK], {605}  |a SNK  |b SNK  |y PREZ  |7 0  |p 17A0144511  |o snkSC 96134 D1  |i snkKSP 6532/98  |0 0  |1 0  |4 0  |d 1998-06-23  |l 0  |r 2005-01-02 00:00:00  |w 2026-02-23